NFL Referee Signals - Statistics

General Stats
  • This quiz has been taken 1,598 times
  • The average score is 6 of 11
Answers on the Map
Answers color-coded by a green-red scale on the quiz's map according to % correct below.
 
Answer Stats
Answer % Correct
Score
90%
Holding
85%
Offsides
79%
False Start
77%
Safety
67%
Facemask
60%
Delay of Game
33%
First Down
25%
Ejection
19%
Unsportsmanlike Conduct
16%
Illegal Substitution
7%
No matching quizzes found
Score Distribution
Percent of People with Each Score
Percentile by Number Answered
Your Score History
You have not taken this quiz